000 01836cam a2200253 4500500
005 20260322012106.0
041 _afre
042 _adc
100 1 0 _aTrenta, Arnaud
_eauthor
245 0 0 _aConcilier vie professionnelle et aide à un proche dépendant : les dispositifs publics et conventionnels de soutien aux aidants en emploi
260 _c2023.
500 _a55
520 _aSi des congés et d’autres mesures favorisant la conciliation entre vie professionnelle et aide font partie de l’éventail des mesures publiques pour soutenir les proches aidants, ces dernières sont souvent considérées comme relativement embryonnaires. Les régulations conventionnelles (accords de branche ou d’entreprise) ont, dans certains cas, prévu des accords plus ambitieux permettant l’extension des droits communs et la mise en place de dispositifs innovants. Après avoir souligné les contraintes et les besoins qui pèsent sur les aidants en activité professionnelle, cet article rappelle les dispositifs légaux du droit du travail et rend compte des grandes tendances en matière de régulation conventionnelle en lien avec les régulations légales. Les innovations réelles mais isolées mettent en évidence l’évolution des besoins et des termes du débat, et la capacité des parties prenantes à formuler des accords.
690 _aaccords d’entreprise
690 _aaction publique
690 _aaidants
690 _aaidants salariés
690 _aconciliation vie professionnelle et aide à un proche
690 _adroit du travail
690 _aemploi
690 _arégulations conventionnelles
786 0 _nInformations sociales | 208 | 4 | 2023-05-03 | p. 70-78 | 0046-9459
856 4 1 _uhttps://shs.cairn.info/revue-informations-sociales-2022-4-page-70?lang=fr&redirect-ssocas=7080
999 _c1769948
_d1769948